00257pab a2200109 454500008004000000100001700040245003500057260000900092300001300101650001300114773002000127180718b1999 xxu||||| |||| 00| 0 eng d aAhmad, Salma aManagement of executive stress c1999 ap.241-46 aManagers aBusiness Review